000 00501nam a2200169 i 4500
001 90095
003 ES-MaACL
005 20230906180339.0
007 t|
008 050118s1930 fr ||||1| fre d
100 1 _aLechat, Henri.
_971068
245 1 0 _aSculptures grecques antiques choisies et commentées /
_cpar Henri Lechat.
250 _a[2eme ed.].
260 _a[S.l. :
_bs.n.,
_c1930] (
_eCorbeil :
_fCrété)
300 _a207 p., 100 lám. ;
_c30 cm.
852 _aES-MaACL
_jF-15375
_bR.18825
999 _c90095
_d90095